The Only Remaining NBA Team... - Statistics

General Stats
  • This quiz has been taken 75 times
  • The average score is 24 of 30
Answer Stats
Name the only remaining NBA team that... Answer % Correct
averages more than one Antetokounmpo on the roster during a regular season Milwaukee Bucks
98%
is located in a country besides the USA Toronto Raptors
98%
Michael Jordan has played for Washington Wizards
97%
is located in a city touching Lake Michigan Chicago Bulls
95%
is located in New York New York Knicks
92%
shares a city with another NBA team Los Angeles Clippers
89%
has achieved a three-peat (won the Finals 3 times in a row) Los Angeles Lakers
89%
is in the Western Conference but located in a state touching one of the Great Lakes Minnesota Timberwolves
89%
is in the Atlantic Division Philadelphia 76ers
85%
that relocated since 2010 Brooklyn Nets
84%
is in a state that touches the Pacific Ocean Golden State Warriors
84%
is in a state that borders West Virginia Cleveland Cavaliers
82%
was created/recreated after 2000 Charlotte Hornets
81%
does not end in the letter S Miami Heat
79%
has never been to the Finals Denver Nuggets
77%
wears white Boston Celtics
76%
is located north of the 44th Parallel Portland Trail Blazers
76%
is in the Mountain Time Zone Utah Jazz
76%
is in the Central Division Indiana Pacers
74%
is in a state that touches the Mississippi River New Orleans Pelicans
74%
wears purple Phoenix Suns
74%
has not won a playoff series in more than 15 years (2021) Sacramento Kings
74%
is in a state that touches at least one of the Great Lakes but not the Ohio River Detroit Pistons
73%
has never won the Finals Orlando Magic
73%
was created after 1990 Memphis Grizzlies
71%
is in the Northwest Division Oklahoma City Thunder
71%
does not contain the letter A Houston Rockets
69%
has three words in its name San Antonio Spurs
69%
is in the Eastern Conference Atlanta Hawks
68%
has played a game north of 25 degrees north Dallas Mavericks
66%
No matching quizzes found
Score Distribution
Percent of People with Each Score
Percentile by Number Answered
Your Score History
You have not taken this quiz